| 000 | 00520nam a22001931a 4500 | ||
|---|---|---|---|
| 001 | 11398 | ||
| 003 | OSt | ||
| 005 | 20260204212241.0 | ||
| 008 | 121002s2009||||dr ||||||b||||||||||spa|| | ||
| 020 | _a9789945427363 | ||
| 050 | _aRD863.5 H27b | ||
| 100 | _aHasbún Espinal, Yudet | ||
| 245 | _aBreves historias de amar / Yudet Hasbún Espinal | ||
| 264 | _aSanto Domingo: Búho | ||
| 300 | _a178 p | ||
| 500 | _aIncluye bibliografía | ||
| 650 | _aRelatos Dominicanos 2.Relatos de Amor 3.NovelaÌ | ||
| 942 |
_2ddc _cBK |
||
| 999 |
_c11398 _d11398 |
||